000 00468nam a2200145 i 4500
001 52925
003 ES-MaACL
007 t|
008 030910s1930 fr ||||1| fre d
100 1 _aDelatre, Floris.
_943329
245 1 2 _aL'Angleterre d'apres-guerre et le conflit houiller 1919-1926
_b: etude de psychologie sociale /
_cFloris Delatre.
260 _aParis :
_b[s.n.],
_c1930 (
_eEvreux :
_fCh. Herissey)
300 _a424 p. ;
_c23 cm.
852 _aES-MaACL
_jB-5036
999 _c52925
_d52925